|
|
|
แสดงรายละเอียดบรรณานุกรม |
|
|
Brief Record
: Get Marc (ISO 2709)
: E-mail record
: |
|
|
| LEADER 00000nam 2200000uu 4500 | |||
| 001 13399120754 | |||
| 003 BCNR | |||
| 008 100922s2553||||th 000 0 tha d | |||
| 020 ^a9789741630981 | |||
| 041 0 ^atha | |||
| 060 04 ^aWY100^bม246อ 2553 | |||
| 110 2 ^aมหาวิทยาลัยสุโขทัยธรรมาธิราช. ^bสาขาวิชาพยาบาลศาสตร์ | |||
| 245 00 ^aเอกสารการสอนชุดวิชา มโนมติและกระบวนการพยาบาล หน่วยที่ 7 - 15 =^bNursing concept and process /^cสาขาวิชาพยาบาลศาสตร์ มหาวิทยาลัยสุโขทัยธรรมาธิราช | |||
| 246 30 ^aมโนมติและกระบวนการพยาบาล | |||
| 246 31 ^aNursing Concept and Process | |||
| 250 ^aพิมพ์ครั้งที่ 13 (ฉบับปรับปรุงครั้งที่ 1) | |||
| 260 ^a[นนทบุรี] :^bสำนักพิมพ์มหาวิทยาลัยสุโขทัยธรรมาธิราช,^c2553 | |||
| 300 ^a2 เล่ม :^bภาพประกอบ ;^c30 ซม. | |||
| 500 ^aเอกสารการสอนชุดวิชา 51201 หน่วยที่ 1-6, 7-15 | |||
| 505 0 ^aเล่ม 1. หน่วยที่ 1-6 -- เล่ม 2. หน่วยที่ 7-15 | |||
| 650 7 ^aการพยาบาล | |||
| 650 7 ^aการพยาบาล, กระบวนการ | |||
| 650 7 ^aการพยาบาล, บริการ^xองค์การและการบริหาร | |||
| 650 7 ^aการพยาบาล^xการประเมินผล | |||
| 650 7 ^aอนามัย^xการประเมินผล | |||
| 710 2 ^aมหาวิทยาลัยสุโขทัยธรรมาธิราช. ^bสาขาวิชาพยาบาลศาสตร์ | |||
| 999 ^aบรรณารักษ์ | |||
| คุณยังไม่ได้ล็อกอิน คุณสามารถมีกิจกรรมร่วมกับเว็บไซต์ได้ แต่ต้องล็อกอินก่อน :: |
|
| สถานะ | |||||||||
| 1. | หนังสือ | WY100 ม246อ 2553 ฉ.13 Barcode: 059722 | ►หนังสือทั่วไป | On Shelf | |||||
| 2. | หนังสือ | WY100 ม246อ 2553 ฉ.14 Barcode: 059723 | ►หนังสือทั่วไป | On Shelf | |||||
| 3. | หนังสือ | WY100 ม246อ 2553 ฉ.15 Barcode: 059724 | ►หนังสือทั่วไป | ถูกยืม กำหนดส่งวันที่ จอง | |||||
| 4. | หนังสือ | WY100 ม246อ 2553 ฉ.16 Barcode: 059725 | ►หนังสือทั่วไป | On Shelf | |||||
| 5. | หนังสือ | WY100 ม246อ 2553 ฉ.17 Barcode: 059726 | ►หนังสือทั่วไป | On Shelf | |||||
| 6. | หนังสือ | WY100 ม246อ 2553 ฉ.18 Barcode: 059727 | ►หนังสือทั่วไป | On Shelf | |||||
| 7. | หนังสือ | WY100 ม246อ 2553 ฉ.19 Barcode: 059728 | ►หนังสือทั่วไป | On Shelf | |||||
| 8. | หนังสือ | WY100 ม246อ 2553 ฉ.20 Barcode: 059729 | ►หนังสือทั่วไป | On Shelf | |||||
| | |||||||||
BibComment |
| คอมเมนท์ทรัพยากรรายการนี้ |
|
|